[Event " Standard Chess Senior Masters Cup #3"]
[Site "SchemingMind.com"]
[Date "2007.08.28"]
[Round "-"]
[White "Gordon"]
[Black "Chess Tiger"]
[Result "1-0"]
[WhiteCountry "ENG"]
[BlackCountry "GER"]
[WhiteElo "2359"]
[WhiteRD "77"]
[BlackElo "2083"]
[BlackRD "68"]
[GameID "117727"]

1. d4 Nf6 2. Nf3 e6 3. e3 d5 4. Bd3 c5 5. b3 Nc6 6. O-O cxd4 7. exd4 Bd6 8. Nbd2 O-O 9. Bb2 b6 10. Ne5 Qc7
11. Nxc6 Qxc6 12. Nf3
1-0

[Event " Standard Chess Senior Masters Cup #3"]
[Site "SchemingMind.com"]
[Date "2007.08.28"]
[Round "-"]
[White "Gordon"]
[Black "griffimv"]
[Result "1/2-1/2"]
[WhiteCountry "ENG"]
[BlackCountry "INT"]
[WhiteElo "2344"]
[WhiteRD "74"]
[BlackElo "2351"]
[BlackRD "80"]
[GameID "117728"]

1. d4 Nf6 2. Nf3 d5 3. e3 c5 4. b3 Nc6 5. Bd3 Bg4 6. O-O e6 7. Bb2 cxd4 8. exd4 Bd6 9. Nbd2 O-O 10. Qe1 Nb4
11. h3 Nxd3 12. cxd3 Bf5 13. Qe3 Qa5 14. a3 Rac8 15. Rac1 Nd7 16. Ne5 Nxe5 17. dxe5 Bc5 18. d4 Be7 19. Nf3 h6 20. Rxc8 Rxc8
21. Rc1 Rc7 22. Rxc7 Qxc7 23. Qc1 Qxc1+ 24. Bxc1 Kf8 25. Kf1 a5 26. Ke2 Bc2 27. Nd2 Ke8 28. f4 h5 29. g4 hxg4 30. hxg4 Kd7
31. Bb2 b6 32. Bc1 b5 33. Bb2 Kc6 34. Bc1 b4 35. axb4 Bxb4 36. Bb2 Kb5 37. g5 Be7 38. Bc3 a4=
1/2-1/2

[Event " Standard Chess Senior Masters Cup #3"]
[Site "SchemingMind.com"]
[Date "2007.08.27"]
[Round "-"]
[White "Gordon"]
[Black "Mariazb"]
[Result "1/2-1/2"]
[WhiteCountry "ENG"]
[BlackCountry "ARG"]
[WhiteElo "2359"]
[WhiteRD "77"]
[BlackElo "2380"]
[BlackRD "68"]
[GameID "117729"]

1. d4 Nf6 2. Nf3 d5 3. e3 c6 4. Bd3 g6 5. b3 Bg7 6. O-O c5 7. Bb2 cxd4 8. exd4 O-O 9. Ne5 Nbd7 10. f4 Qb6
11. Qe2 Nxe5 12. fxe5 Ng4 13. Kh1 Nh6 14. Nd2 Bf5 15. a4 Rac8 16. c3 f6 17. a5 Qc7 18. Bxf5 Nxf5 19. g4 Nh4 20. e6 g5
21. Qd3 Ng6 22. Qf5 Qd6 23. c4 Nf4 24. Ba3 Qc6 25. Rxf4 gxf4 26. cxd5 Qc3 27. Rd1 Rfe8 28. Bxe7 Qxd4 29. d6 Rxe7 30. dxe7 Re8
31. Qe4 Qd6 32. Qxb7 Rxe7 33. Qf3 Qxe6 34. Nc4 Qe2=
1/2-1/2

[Event " Standard Chess Senior Masters Cup #3"]
[Site "SchemingMind.com"]
[Date "2007.08.23"]
[Round "-"]
[White "Gordon"]
[Black "MARISCAL"]
[Result "1/2-1/2"]
[WhiteCountry "ENG"]
[BlackCountry "ESP"]
[WhiteElo "2337"]
[WhiteRD "74"]
[BlackElo "2276"]
[BlackRD "97"]
[GameID "117730"]

1. d4 e6 2. e4 d5 3. Nc3 Nf6 4. e5 Nfd7 5. f4 c5 6. Nf3 Nc6 7. Be3 cxd4 8. Nxd4 Bc5 9. Qd2 Bxd4 10. Bxd4 Nxd4
11. Qxd4 Qb6 12. Qxb6 Nxb6 13. Nb5 Ke7 14. Kd2 Bd7 15. Nd4 f6 16. Bd3 fxe5 17. fxe5 Raf8 18. Raf1 Be8 19. Rxf8 Rxf8 20. Rf1 Rxf1
21. Bxf1 Bh5 22. Ke3 Nd7 23. Kf4 h6 24. h4 Bd1 25. c4 g5+ 26. hxg5 hxg5+ 27. Kxg5 Nxe5 28. cxd5 Nf7+ 29. Kg6 Ne5+ 30. Kg5 Nf7+
31. Kg6 Ne5+=
1/2-1/2

[Event " Standard Chess Senior Masters Cup #3"]
[Site "SchemingMind.com"]
[Date "2007.08.23"]
[Round "-"]
[White "Gordon"]
[Black "kotofey"]
[Result "0-1"]
[WhiteCountry "ENG"]
[BlackCountry "LAT"]
[WhiteElo "2335"]
[WhiteRD "75"]
[BlackElo "2353"]
[BlackRD "86"]
[GameID "117731"]

1. d4 Nf6 2. Nf3 e6 3. e3 c5 4. b3 cxd4 5. exd4 Nc6 6. Nbd2 Bb4 7. a3 Bc3 8. Rb1 Nxd4 9. Nxd4 Bxd4 10. Bd3 e5
11. O-O d5 12. Nf3 Bc3 13. Bd2 Bxd2 14. Qxd2 e4 15. Bb5+ Bd7 16. Bxd7+ Qxd7 17. Nd4 O-O 18. Rbe1 Rac8 19. Re3 g6 20. c3 Ng4
21. Rg3 f5 22. f4 h5 23. Qe1 Qd8 24. a4 a6 25. Qa1 Re8 26. Qe1 h4 27. Rh3 e3 28. Rhf3 Qc7 29. Ne2 Nf2
0-1

[Event " Standard Chess Senior Masters Cup #3"]
[Site "SchemingMind.com"]
[Date "2007.08.23"]
[Round "-"]
[White "Gordon"]
[Black "Konan_Kaddosh"]
[Result "0-1"]
[WhiteCountry "ENG"]
[BlackCountry "ITA"]
[WhiteElo "2335"]
[WhiteRD "75"]
[BlackElo "2444"]
[BlackRD "56"]
[GameID "117732"]

1. d4 Nf6 2. e3 e6 3. Nf3 c5 4. b3 Nc6 5. Bb2 d5 6. Bd3 cxd4 7. exd4 Bd6 8. Nbd2 O-O 9. O-O Nb4 10. Be2 Nc6
11. a3 b6 12. Bd3 Bb7 13. Ne5 Rc8 14. f4 Ne7 15. Qf3 g6 16. c3 Nh5 17. Qh3 Ng7 18. Rae1 f6 19. Ng4 Nef5 20. Ne3 Nxe3
21. Rxe3 Qc7 22. Ref3 f5 23. g3 Nh5 24. Re3 Qd7 25. Nf3 Nf6 26. Rfe1 Ne4 27. Ng5 Nxg5 28. fxg5 e5 29. Rxe5 Bxe5 30. Rxe5 Rce8
31. Qh4 Qc7 32. Qf4 Rxe5 33. dxe5 Re8 34. c4 Ba6 35. Bd4 dxc4 36. Be2 Qc6 37. Bf3 Qd7 38. bxc4 Bxc4 39. h4 Be6 40. Be2 Rc8
0-1

[Event " Standard Chess Senior Masters Cup #3"]
[Site "SchemingMind.com"]
[Date "2007.08.28"]
[Round "-"]
[White "Chess Tiger"]
[Black "Gordon"]
[Result "0-1"]
[WhiteCountry "GER"]
[BlackCountry "ENG"]
[WhiteElo "2083"]
[WhiteRD "68"]
[BlackElo "2359"]
[BlackRD "77"]
[GameID "117733"]

1. d4 Nf6 2. Nf3 e6 3. c4 b6 4. Nc3 Bb7 5. Bg5 Bb4 6. Nd2 h6 7. Bh4 c5 8. a3 Bxc3 9. bxc3 d6 10. e3 Qe7
11. f3 Nbd7 12. Bd3 O-O
0-1

[Event " Standard Chess Senior Masters Cup #3"]
[Site "SchemingMind.com"]
[Date "2007.08.28"]
[Round "-"]
[White "griffimv"]
[Black "Gordon"]
[Result "0-1"]
[WhiteCountry "INT"]
[BlackCountry "ENG"]
[WhiteElo "2355"]
[WhiteRD "79"]
[BlackElo "2357"]
[BlackRD "75"]
[GameID "117734"]

1. e4 e5 2. Nf3 Nc6 3. Bb5 a6 4. Ba4 Nf6 5. O-O Be7 6. Re1 b5 7. Bb3 O-O 8. h3 Bb7 9. d3 d6 10. a3 Na5
11. Ba2 c5 12. Nc3 Nc6 13. Nd5 Nxd5 14. Bxd5 Na5 15. Bd2 Bxd5 16. exd5 f5 17. d4 e4 18. Bxa5 Qxa5 19. dxc5 Bf6 20. Nd4 dxc5
21. Nxf5 Bxb2 22. Ne7+ Kh8 23. Nc6 Qa4 24. Rb1 Bc3 25. Re3 Qc4 26. d6 Bf6 27. c3 Qe6 28. f3 Qd7 29. Qd5 Rac8 30. Na5 c4
31. Rxe4 Bxc3 32. Re7 Qd8 33. Nb7 Qb6+ 34. Kh2 Bf6 35. Re2 Qc6 36. Rd1 Qxd5 37. Rxd5 c3 38. d7 Rb8 39. Na5 Kg8 40. Nc6 Rb6
41. d8=Q Bxd8 42. Nxd8 a5 43. Re7 b4 44. axb4 axb4 45. Rc7 h6 46. Rdd7 Kh8 47. Nf7+ Kh7 48. Nd6 Rg8 49. Nf5 Kh8 50. Ne7 Rgb8
51. Nd5 Rb5 52. Nf4 Rg8 53. Ng6+ Kh7 54. Ne7 Rgb8 55. g4 R8b7 56. Nf5 Rxc7 57. Rxc7 b3
0-1

[Event " Standard Chess Senior Masters Cup #3"]
[Site "SchemingMind.com"]
[Date "2007.08.27"]
[Round "-"]
[White "Mariazb"]
[Black "Gordon"]
[Result "1-0"]
[WhiteCountry "ARG"]
[BlackCountry "ENG"]
[WhiteElo "2365"]
[WhiteRD "72"]
[BlackElo "2322"]
[BlackRD "73"]
[GameID "117735"]

1. d4 Nf6 2. c4 e6 3. Nf3 b6 4. g3 Bb7 5. Bg2 Be7 6. O-O O-O 7. b3 d5 8. Nbd2 Nbd7 9. Bb2 c5 10. cxd5 Bxd5
11. Rc1 Rc8 12. Nc4 Rc7 13. dxc5 Bxc5 14. Bd4 Qe7 15. Ne3 Rfc8 16. Nxd5 Nxd5 17. Qd2 N7f6 18. Bxc5 Rxc5 19. Ne5 Qc7 20. Nd3 Rxc1
21. Rxc1 Nc3 22. b4 a5 23. Kh1 b5 24. a3 h6 25. Nb2 axb4 26. axb4 Ne8 27. h4 Qd6 28. Qe1 Qxb4 29. Nd1 Nxd1 30. Qxb4 Rxc1
31. Bf3 Ne3+ 32. Kh2 Nc4 33. Qxb5 Ned6 34. Qc6 g6 35. h5 gxh5 36. Bxh5 Kg7 37. Qf3 e5 38. Qg4+ Kf8 39. Qh4 Kg7 40. Bf3 Re1
41. Qg4+ Kf6 42. Bd5 Rc1 43. Qg8 Ke7 44. Qh7
1-0

[Event " Standard Chess Senior Masters Cup #3"]
[Site "SchemingMind.com"]
[Date "2007.08.23"]
[Round "-"]
[White "MARISCAL"]
[Black "Gordon"]
[Result "1/2-1/2"]
[WhiteCountry "ESP"]
[BlackCountry "ENG"]
[WhiteElo "2276"]
[WhiteRD "97"]
[BlackElo "2337"]
[BlackRD "74"]
[GameID "117736"]

1. e4 e5 2. Nf3 Nc6 3. Bb5 a6 4. Bxc6 dxc6 5. O-O Bg4 6. h3 h5 7. c3 Qf6 8. d4 Bxf3 9. Qxf3 Qxf3 10. gxf3 exd4
11. cxd4 O-O-O 12. Be3 f5 13. Nc3 Nf6 14. Rad1 Re8 15. e5 Nd5 16. Nxd5 cxd5 17. Bg5 Kd7 18. Kg2 Re6 19. Rc1 c5 20. dxc5 Rxe5
21. b4 Be7 22. f4 Re6 23. Rfe1 Rxe1 24. Rxe1 Bf6 25. a4 a5 26. Bxf6 gxf6 27. b5 Rc8 28. Rc1 Ke6 29. Re1+ Kd7 30. Rc1 Ke6
31. Re1+=
1/2-1/2

[Event " Standard Chess Senior Masters Cup #3"]
[Site "SchemingMind.com"]
[Date "2007.08.23"]
[Round "-"]
[White "kotofey"]
[Black "Gordon"]
[Result "1/2-1/2"]
[WhiteCountry "LAT"]
[BlackCountry "ENG"]
[WhiteElo "2395"]
[WhiteRD "85"]
[BlackElo "2337"]
[BlackRD "74"]
[GameID "117737"]

1. e4 e5 2. Nf3 Nc6 3. Bb5 a6 4. Ba4 Nf6 5. O-O Be7 6. Re1 b5 7. Bb3 O-O 8. h3 Bb7 9. d3 d6 10. a3 Na5
11. Ba2 c5 12. Nbd2 Nc6 13. Nf1 Bc8 14. Ne3 Be6 15. Nd5 Nd4 16. Ng5 Bxd5 17. exd5 Qd7 18. f4 exf4 19. Bxf4 Rfe8 20. Nf3 Qf5
21. Bh2 Nxf3+ 22. Qxf3 Qxf3 23. gxf3 Bf8 24. Kf2 Nd7 25. Re4 Nf6 26. Rxe8 Rxe8 27. b4 Nd7 28. Re1 Rxe1 29. Kxe1 f5 30. Kd2 Kf7
31. bxc5 Nxc5 32. d4 Na4 33. c4 g5 34. cxb5 axb5 35. Bb1 Kf6 36. Bd3 b4 37. axb4 Nb6 38. b5 Be7 39. Bc2 Nxd5 40. Bb3 Nb6
41. Kd3 h5 42. Bg3 Kg6 43. Be6 Kf6 44. d5 Na4 45. Kc4 Nb2+ 46. Kc3 Na4+ 47. Kd4 f4 48. Be1 Bd8 49. Kc4 Nb2+ 50. Kc3 Ba5+
51. Kxb2=
1/2-1/2

[Event " Standard Chess Senior Masters Cup #3"]
[Site "SchemingMind.com"]
[Date "2007.08.23"]
[Round "-"]
[White "Konan_Kaddosh"]
[Black "Gordon"]
[Result "0-1"]
[WhiteCountry "ITA"]
[BlackCountry "ENG"]
[WhiteElo "2377"]
[WhiteRD "62"]
[BlackElo "2403"]
[BlackRD "79"]
[GameID "117738"]

1. e4 e5 2. Nf3 Nc6 3. Bb5 a6 4. Ba4 Nf6 5. O-O Be7 6. Re1 b5 7. Bb3 O-O 8. c3 d5 9. exd5 Nxd5 10. Nxe5 Nxe5
11. Rxe5 c6 12. d4 Bd6 13. Re1 Qh4 14. g3 Qh3 15. Re4 g5 16. Qf1 Qh5 17. Nd2 f5 18. Re1 f4 19. Ne4 Bh3 20. Qe2 Bg4
21. Qd2 Bf3 22. Bd1 g4
0-1